000 00635nam a2200205Ia 4500
003 GCL
008 140319s9999 xx 000 0 ara d
040 _aGCL /
_cGCL
082 0 4 _a338.9
_bم م
100 1 _aمحمد عبدالعزيز عجمية
245 1 0 _aمذكرات فى التنمية والتخطيط /
_cمحمد عبدالعزيز عجمية
700 1 _aصبحى تادرس قريصة
700 1 _aمحمود يونس
300 _a389
490 _aكتاب
_v0
650 0 4 _aالاقتصاد
650 0 4 _aالتخطيط الاقتصادى
650 0 4 _aالتنمية الاقتصادية
942 _2ddc
_cBK
999 _c42920
_d42920